Stress management and its effects on the performance of young site engineers and land surveyors in Malaysia (Record no. 61087)

000 -LEADER
fixed length control field 00559pab a2200193 454500
008 - FIXED-LENGTH DATA ELEMENTS--GENERAL INFORMATION
fixed length control field 180718b2004 xxu||||| |||| 00| 0 eng d
100 ## - MAIN ENTRY--PERSONAL NAME
Personal name Hussin, WMA Wan
245 ## - TITLE STATEMENT
Title Stress management and its effects on the performance of young site engineers and land surveyors in Malaysia
260 ## - PUBLICATION, DISTRIBUTION, ETC.
Date of publication, distribution, etc. 2004
300 ## - PHYSICAL DESCRIPTION
Extent p.77-89.
362 ## - DATES OF PUBLICATION AND/OR SEQUENTIAL DESIGNATION
Dates of publication and/or sequential designation Jan-Jul
650 ## - SUBJECT ADDED ENTRY--TOPICAL TERM
Topical term or geographic name entry element Engineers - Malaysia
650 ## - SUBJECT ADDED ENTRY--TOPICAL TERM
Topical term or geographic name entry element Occupational stress - Malaysia
650 ## - SUBJECT ADDED ENTRY--TOPICAL TERM
Topical term or geographic name entry element Occupational stress
700 ## - ADDED ENTRY--PERSONAL NAME
Personal name Ahmad, MS Sheikh
700 ## - ADDED ENTRY--PERSONAL NAME
Personal name Ahmad, S.
773 ## - HOST ITEM ENTRY
Main entry heading Pranjana
909 ## -
-- 61087
Holdings
Withdrawn status Lost status Damaged status Not for loan Permanent Location Current Location Date acquired Serial Enumeration / chronology Barcode Date last seen Price effective from Koha item type
        Indian Institute of Public Administration Indian Institute of Public Administration 2018-07-19 Volume no: 7, Issue no: 1 AR61533 2018-07-19 2018-07-19 Articles

Powered by Koha